00689cam a2200205Li 450000500170000000800410001702000180005803500210007604000500009704100080014710000300015524500740018524600470025926000630030630000180036950000210038765000210040865000240042965000300045320180312143027.0151110s2013 sp fr 001 0 spa d z9788415787945 a(OCoLC)899006214 aCO-BoUCMbspacSandra PalaciodSandra Palacio0 aspa1 aJiménez Ruiz, Juan Luis10aLingüística general IIcJuan Luis Jiménez Ruizbguía docente  aLingüística general 2bguía docente  aAlicante (Andalucía, España)bClub Universitarioc2013 a477 páginas aIncluye índice 7aLingüística  7aLenguaje y lenguas  7aLingüística aplicada